000 00580nam a2200229Ia 4500
003 OSt
005 20230331122043.0
008 210423s2017 xx 000 0 und d
020 _a978-81-260-5328-5
040 _cAL
041 _aeng
082 _a891.2109
_223
_bCHAA
100 _aCHAUDHURI (Roma)
_980878
245 _aAsvaghosa
260 _aNew Delhi
_bSahitya Akademi
_c2017
300 _a55
_bPB
365 _b50
_cINR
440 _aMakers of Indian literature
_980879
650 _aLiterature of other languages
_980880
906 _aAsvaghosa
942 _2ddc
_cBK
999 _c168921
_d168921